<?xml version="1.0" encoding="UTF-8"?>
<collection xmlns="http://www.loc.gov/MARC21/slim">
 <record>
  <leader>08776nam a2200421 a 4500</leader>
  <controlfield tag="001">kal2810</controlfield>
  <controlfield tag="003">Gr-AtHEAL</controlfield>
  <controlfield tag="005">20160425121113.0</controlfield>
  <controlfield tag="006">m        d        </controlfield>
  <controlfield tag="008">160413s2015    gr      s           gre|c</controlfield>
  <datafield tag="020" ind1=" " ind2=" ">
   <subfield code="a">9789606031823</subfield>
  </datafield>
  <datafield tag="040" ind1=" " ind2=" ">
   <subfield code="a">GR-AtHEAL</subfield>
   <subfield code="b">gre</subfield>
   <subfield code="c">GR-AtHEAL</subfield>
   <subfield code="d">GR-AtUEB</subfield>
  </datafield>
  <datafield tag="082" ind1="0" ind2="4">
   <subfield code="a">519.2</subfield>
   <subfield code="2">23</subfield>
  </datafield>
  <datafield tag="100" ind1="1" ind2=" ">
   <subfield code="a">Κοντογιάννης, Ιωάννης.</subfield>
   <subfield code="8">2014</subfield>
  </datafield>
  <datafield tag="245" ind1="1" ind2="0">
   <subfield code="a">Στοχεία πιθανοτήτων</subfield>
   <subfield code="h">[Ηλεκτρονικός πόρος] </subfield>
   <subfield code="b">Με εφαρμογές στη στατιστική και την πληροφορική</subfield>
   <subfield code="c">Τουμπής, Σταύρος ; Κοντογιάννης, Ιωάννης ; Κριτικός αναγνώστης,Δελλαπόρτας, Πέτρος ; Τεχνική επιμέλεια,Γκιτζένης, Σάββας ; Γλωσσική επιμέλεια,Tραμπούλης, Θεόφιλος.</subfield>
  </datafield>
  <datafield tag="260" ind1=" " ind2=" ">
   <subfield code="a">Αθήνα :</subfield>
   <subfield code="b">Σύνδεσμος Ελληνικών Ακαδημαϊκών Βιβλιοθηκών,</subfield>
   <subfield code="c">c2015.</subfield>
  </datafield>
  <datafield tag="490" ind1=" " ind2=" ">
   <subfield code="a">Ακαδημαϊκά Ηλεκτρονικά Συγγράμματα και Βοηθήματα Κάλλιπος</subfield>
   <subfield code="8">40</subfield>
  </datafield>
  <datafield tag="505" ind1="0" ind2=" ">
   <subfield code="a">1 Εισαγωγή: Οι πιθανότητες ως μέρος των μαθηματικώνΙστορική ανάπτυξη -- Πιθανότητες &amp; πληροφορική -- 2 Χώρος πιθανότητας &amp; ενδεχόμενα -- ΠροκαταρκτικάΣύνολαΧώρος πιθανότητας &amp; ενδεχόμενα -- 3 Μέτρο πιθανότητας Ορισμός, παραδείγματα &amp; ιδιότητες -- Πέντε «κανόνες πιθανότητας»Γενικός ορισμός του μέτρου πιθανότητας -- 4 Πιθανότητες &amp; συνδυαστικήΔιατάξεις, συνδυασμοί, επιλογές &amp; πιθανότητες -- Πέντε «κανόνες αρίθμησης5 Ανεξαρτησία &amp; δεσμευμένη πιθανότητα -- Ανεξάρτητα ενδεχόμενα &amp; δεσμευμένη πιθανότητα --Περαιτέρω ιδιότητες -- Ο κανόνας του Bayes -- Ακόμα πέντε «κανόνες πιθανότητας» -- 6 Διακριτές τυχαίες μεταβλητές -- Ορισμός &amp; βασικές ιδιότητες -- Μέση τιμή, διασπορά, ανεξαρτησία -- Μετρησιμότητα &amp; άπειρες τιμές -- 7 Διακριτές κατανομές -- Κατανομές Bernoulli, διωνυμική &amp; γεωμετρική -- Υπεργεωμετρική &amp; Poisson κατανομή -- Η γεωμετρική &amp; συναφείς σειρές -- Η συνάρτηση e^x , δυναμοσειρές, τύπος του Stirling -- 8 Παραδείγματα πιθανοκρατικής ανάλυσης αλγορίθμων -- Επαλήθευση ισότητας πολυωνύμων -- Εύρεση ελαχιστιαίου cut set σε γράφους -- String matching -- Γρήγορη ταξινόμηση δεδομένων -- 9 Ανισότητες, από κοινού κατανομή, ΝΜΑ -- Ανισότητες Markov &amp; Chebychev -- Από κοινού κατανομή &amp; συνδιακύμανση -- Ο Νόμος των Μεγάλων Αριθμών -- 10 Συνεχείς τυχαίες μεταβλητές -- Συνεχείς ΤΜ &amp; συνεχής πυκνότητα -- Μέση τιμή &amp; διασπορά -- Μετρησιμότητα &amp; άπειρες τιμές -- 11 Συνεχείς κατανομές, ανισότητες &amp; ο ΝΜΑ -- Ομοιόμορφη &amp; εκθετική κατανομή -- Μετασχηματισμοί -- Ανεξαρτησία, ανισότητες &amp; ο ΝΜΑ -- 12 Το Κεντρικό Οριακό Θεώρημα -- Κανονική κατανομή -- Το Κεντρικό Οριακό Θεώρημα -- Παραδείγματα &amp; απλές εφαρμογές -- Πίνακες τιμών -- 13 ΚΟΘ: Λίγη θεωρία &amp; αποδείξεις -- Το γκαουσιανό ολοκλήρωμα -- ΚΟΘ ΝΜΑ: ΑπόδειξηΤο θεώρημα de Moivre-Laplace -- Το θεώρημα του Lindeberg -- 14 Παραδείγματα εφαρμογών στη στατιστική -- Διαστήματα εμπιστοσύνης -- Έλεγχοι υποθέσεων -- Έλεγχος παραμέτρου Bernoulli -- Έλεγχος ανεξαρτησίας -- Μείωση διασποράς -- 15 Συνεχής από κοινού κατανομή -- Από κοινού πυκνότητα -- Μέση τιμή, διασπορά &amp; συνδιακύμανση -- ΑνεξαρτησίαΜετρησιμότητα &amp; άπειρες τιμές -- Παραρτήματα -- Βιβλιογραφία -- Ευρετήριο -- Απόδοση αγγλικών όρων.</subfield>
  </datafield>
  <datafield tag="520" ind1=" " ind2=" ">
   <subfield code="a">Το σύγγραμμα προορίζεται για χρήση στη διδασκαλία της βασικής θεωρίας πιθανοτήτων, και την ανάπτυξη κάποιων εκ των θεμελιωδών εφαρμογών τους στη στατιστική και την πληροφορική. Απευθύνεται κυρίως σε πρωτοετείς (αλλά όχι μόνο) φοιτητές, πρωτίστως σε τμήματα Πληροφορικής, Μαθηματικών και Στατιστικής, αλλά λόγω του μεγάλου εύρους της ύλης που καλύπτει, και σε τμήματα Πολυτεχνικών Σχολών. Περιλαμβάνονται, μεταξύ άλλων, κεφάλαια με αντικείμενο τις βασικές έννοιες των ενδεχομένων και της τυχαιότητας, την αξιωματική θεμελίωση της πιθανότητας, τις κύριες κατανομές και τις συνήθεις εφαρμογές τους (με έμφαση στην πληροφορική), τις διακριτές και συνεχείς τυχαίες μεταβλητές, τον νόμο των μεγάλων αριθμών και το κεντρικό οριακό θεώρημα. Το βιβλίο είναι ιδανικό για διδασκαλία σε τμήματα τα οποία περιλαμβάνουν μικρότερο αριθμό μαθημάτων μαθηματικού υποβάθρου, και αφιερώνουν περίπου 1 μάθημα σε Λογισμό Μίας Μεταβλητής και συναφή θέματα. Υπάρχουν δεκάδες τέτοια τμήματα στην επικράτεια. Ο βασικός στόχος του βιβλίου είναι οι φοιτητές να κατανοήσουν τη βασική διαφορά -- ως τρόπο σκέψης -- της θεωρίας πιθανοτήτων από τα άλλα μαθήματα μαθηματικών τα οποία διδάσκονται. Κατά συνέπεια, να είναι σε θέση να αντιληφθούν τις έννοιες του τυχαίου και της ποσοτικής πιθανότητας και στην αυστηρά μαθηματική τους διάσταση, αλλά και στην ορθή τους χρήση σε βασικές εφαρμογές της στατιστικής και τις πληροφορικής.</subfield>
  </datafield>
  <datafield tag="530" ind1=" " ind2=" ">
   <subfield code="a">&quot;Επίσης διαθέσιμο σε έντυπη μορφή&quot;.</subfield>
  </datafield>
  <datafield tag="650" ind1=" " ind2="0">
   <subfield code="a">Probabilities</subfield>
   <subfield code="8">2054</subfield>
  </datafield>
  <datafield tag="653" ind1=" " ind2=" ">
   <subfield code="a">Κατανομές</subfield>
  </datafield>
  <datafield tag="653" ind1=" " ind2=" ">
   <subfield code="a">Πιθανοκρατικά μοντέλα</subfield>
  </datafield>
  <datafield tag="653" ind1=" " ind2=" ">
   <subfield code="a">Πυκνότητα πιθανότητας</subfield>
  </datafield>
  <datafield tag="653" ind1=" " ind2=" ">
   <subfield code="a">Μέτρο πιθανότητας</subfield>
  </datafield>
  <datafield tag="653" ind1=" " ind2=" ">
   <subfield code="a">Ανάλυση αλγορίθμων</subfield>
  </datafield>
  <datafield tag="653" ind1=" " ind2=" ">
   <subfield code="a">Πιθανότητες</subfield>
  </datafield>
  <datafield tag="653" ind1=" " ind2=" ">
   <subfield code="a">Επιστήμη υπολογιστών/Πληροφορική</subfield>
   <subfield code="a">Διακριτές δομές</subfield>
  </datafield>
  <datafield tag="653" ind1=" " ind2=" ">
   <subfield code="a">Μαθηματικά</subfield>
   <subfield code="a">Στατιστική</subfield>
  </datafield>
  <datafield tag="653" ind1=" " ind2=" ">
   <subfield code="a">Μαθηματικά</subfield>
   <subfield code="a">Θεωρία πιθανοτήτων και στοχαστικές διαδικασίες</subfield>
  </datafield>
  <datafield tag="700" ind1="1" ind2=" ">
   <subfield code="a">Τουμπής, Σταύρος</subfield>
   <subfield code="e">Συγγραφέας</subfield>
   <subfield code="8">2015</subfield>
  </datafield>
  <datafield tag="700" ind1="1" ind2=" ">
   <subfield code="a">Δελλαπόρτας, Πέτρος</subfield>
   <subfield code="e">Κριτικός αναγνώστης</subfield>
   <subfield code="8">2016</subfield>
  </datafield>
  <datafield tag="776" ind1=" " ind2=" ">
   <subfield code="i">έντυπη έκδοση</subfield>
  </datafield>
  <datafield tag="856" ind1="4" ind2="0">
   <subfield code="u">http://hdl.handle.net/11419/2810</subfield>
   <subfield code="z">Πλήρες Κείμενο - Full text</subfield>
  </datafield>
  <datafield tag="907" ind1=" " ind2=" ">
   <subfield code="a">.b25678371</subfield>
   <subfield code="b">12-06-18</subfield>
   <subfield code="c">29-07-16</subfield>
  </datafield>
  <datafield tag="949" ind1=" " ind2=" ">
   <subfield code="0">0</subfield>
   <subfield code="1">0</subfield>
   <subfield code="2">ddc</subfield>
   <subfield code="4">0</subfield>
   <subfield code="6">519_200000000000000_ΚΟΝ</subfield>
   <subfield code="7">0</subfield>
   <subfield code="8">KALL</subfield>
   <subfield code="8">596</subfield>
   <subfield code="d">2016-04-13</subfield>
   <subfield code="r">2016-04-13</subfield>
   <subfield code="w">2016-04-13</subfield>
   <subfield code="z">519.2 ΚΟΝ</subfield>
   <subfield code="o">SEAB KALLIPOS</subfield>
  </datafield>
  <datafield tag="998" ind1=" " ind2=" ">
   <subfield code="a">80</subfield>
   <subfield code="a">01</subfield>
   <subfield code="a">02</subfield>
   <subfield code="a">03</subfield>
   <subfield code="a">04</subfield>
   <subfield code="a">05</subfield>
   <subfield code="a">06</subfield>
   <subfield code="a">07</subfield>
   <subfield code="a">08</subfield>
   <subfield code="a">09</subfield>
   <subfield code="a">10</subfield>
   <subfield code="a">11</subfield>
   <subfield code="a">12</subfield>
   <subfield code="a">13</subfield>
   <subfield code="a">14</subfield>
   <subfield code="a">15</subfield>
   <subfield code="a">16</subfield>
   <subfield code="a">17</subfield>
   <subfield code="a">18</subfield>
   <subfield code="a">19</subfield>
   <subfield code="a">20</subfield>
   <subfield code="a">21</subfield>
   <subfield code="a">22</subfield>
   <subfield code="a">23</subfield>
   <subfield code="a">24</subfield>
   <subfield code="a">25</subfield>
   <subfield code="a">26</subfield>
   <subfield code="b">11-05-17</subfield>
   <subfield code="c">m</subfield>
   <subfield code="d">z  </subfield>
   <subfield code="e">-</subfield>
   <subfield code="f">gre</subfield>
   <subfield code="g">gr </subfield>
   <subfield code="h">0</subfield>
  </datafield>
  <datafield tag="942" ind1=" " ind2=" ">
   <subfield code="2">ddc</subfield>
   <subfield code="c">KALLIPOS</subfield>
  </datafield>
 </record>
</collection>
